000 00503nam a2200181Ia 4500
008 151018s9999 xx 000 0 und d
082 _bRBASDV713
_a891.462
100 _aगो वि काळे
245 _aसुंदरी
250 _b1
260 _bआर्यभूषण प्रेस
_c1891
300 _a139
600 _aगो वि काळे
630 _aसुंदरी
700 _aगो वि काळे
730 _aसुंदरी
942 _cBOOK
999 _c1003182
_d1003179